| 000 | 00417 a2200169 4500 | ||
|---|---|---|---|
| 001 | 190648 | ||
| 020 | _a85-89885-51-8 | ||
| 040 | _cMagnum | ||
| 100 | _aMolist, Jorge | ||
| 240 | 1 | 0 |
_aO anel: a herança do último templário _lpor |
| 245 | 1 | 0 | _aO anel: a herança do último templário |
| 300 | _a407 | ||
| 362 | 0 | _a2005 | |
| 440 | 1 | _aPlaneta do Brasil | |
| 697 | _aLITERATURA GERAL ESTRANGEIRA | ||
| 942 | _cBK | ||
| 999 |
_c190648 _d190648 |
||